Ήρωες της Ελληνικής Επανάστασης - Statistics

General Stats
  • This quiz has been taken 32 times
  • The average score is 10 of 16
Answer Stats
Picture Answer % Correct
Θεόδωρος Κολοκοτρώνης
96%
Λασκαρίνα Μπουμπουλίνα
89%
Γεώργιος Καραϊσκάκης
86%
Αλέξανδρος Υψηλάντης
82%
Μαντώ Μαυρογένους
79%
Αθανάσιος Διάκος
75%
Παλαιών Πατρών Γερμανός Γ'
71%
Ανδρέας Μιαούλης
68%
Παπαφλέσσας
64%
Μάρκος Μπότσαρης
64%
Κωνσταντίνος Κανάρης
61%
Οδυσσέας Ανδρούτσος
57%
Νικηταράς
46%
Δημήτριος Υψηλάντης
43%
Πανουργιάς
7%
Γεώργιος Κουντουριώτης
7%
No matching quizzes found
Score Distribution
Percent of People with Each Score
Percentile by Number Answered
Your Score History
You have not taken this quiz